📖 150 premiers mots "Le tourbillon de la vie" Aurélie Valognes - Statistiques

Statistiques générales
  • Ce quiz a Ă©tĂ© pris 9 fois
  • Le rĂ©sultat moyen est 85 sur 150
Statistiques - réponses
Mots % Correct
Ă 
100%
A
100%
Arthur
100%
au
100%
ces
100%
d'
100%
de
100%
des
100%
du
100%
elle,
100%
Elle
100%
il
100%
Il
100%
Je
100%
l'
100%
la
100%
La
100%
lĂ 
100%
Le
100%
le
100%
Les
100%
les
100%
Louis,
100%
- Louis,
100%
Louis
100%
s'
100%
sa
100%
se
100%
ses
100%
te
100%
Un
100%
un
100%
une
100%
avec
88%
en
88%
es
88%
et,
88%
et
88%
et...
88%
lui
88%
que
88%
qui
88%
son
88%
tu
88%
ci,
75%
dans
75%
ou
75%
bras
63%
grand-
63%
mer,
63%
mer
63%
père,
63%
rien
63%
soit
63%
sont
63%
temps-
63%
tend
63%
tout
63%
Après
50%
comme
50%
fois !
50%
plage.
50%
plaît !
50%
quelle
50%
quelques
50%
serviette
50%
- Encore,
38%
encore,
38%
faire
38%
journée
38%
loin,
38%
sable,
38%
sera
38%
assombrit
25%
aussi.
25%
banc
25%
bleu !
25%
ciel
25%
froid.
25%
jette
25%
nuages
25%
sèche
25%
bouée !
13%
câlin
13%
celle
13%
continue
13%
demain,
13%
fins
13%
force
13%
jusqu'
13%
mouillé,
13%
nage
13%
Papy,
13%
poissons.
13%
prochaine
13%
secondes
13%
semble
13%
sort
13%
Bâti
0%
chemise
0%
commence
0%
contrarier.
0%
contre
0%
crie :
0%
déjà
0%
efface
0%
énergiquement.
0%
épaules
0%
falaise
0%
grelottant
0%
horizon.
0%
humeur
0%
Inlassablement.
0%
ligne
0%
maigres
0%
nœuds,
0%
ondée
0%
orageuses
0%
regret,
0%
remet
0%
- Reviens,
0%
sape
0%
susceptibles.
0%
travail
0%
trombone
0%
Aucun quiz correspondant
Distribution des résultats
% des personnes avec chaque résultat
Percentile par nombre de réponses
Votre historique - résultats
Vous n’avez pas pris ce quiz